Services Marketing : Operation, Management and Strategy (Record no. 187108)

MARC details
000 -LEADER
fixed length control field 00429nam a2200169Ia 4500
008 - FIXED-LENGTH DATA ELEMENTS--GENERAL INFORMATION
fixed length control field 140306s9999 xx 000 0 und d
020 ## - INTERNATIONAL STANDARD BOOK NUMBER
International Standard Book Number 8177223763
041 ## - LANGUAGE CODE
Language code of text/sound track or separate title eng
082 ## - DEWEY DECIMAL CLASSIFICATION NUMBER
Classification number 658.8
Item number CLO/SE
100 ## - MAIN ENTRY--PERSONAL NAME
Personal name Clow, Kenneth E.
245 ## - TITLE STATEMENT
Title Services Marketing : Operation, Management and Strategy
260 ## - PUBLICATION, DISTRIBUTION, ETC. (IMPRINT)
Place of publication, distribution, etc. New Delhi
Name of publisher, distributor, etc. Bizantra
300 ## - PHYSICAL DESCRIPTION
Extent 460
365 ## - TRADE PRICE
Price amount Rs.279/-
700 ## - ADDED ENTRY--PERSONAL NAME
Personal name Kurtz, David L.
942 ## - ADDED ENTRY ELEMENTS (KOHA)
Source of classification or shelving scheme Dewey Decimal Classification
Koha item type Books (General)
Holdings
Withdrawn status Lost status Source of classification or shelving scheme Damaged status Not for loan Home library Current library Cost, normal purchase price Total Checkouts Full call number Date last seen Price effective from Koha item type
    Dewey Decimal Classification     College of Co-operation, Banking & Management Library, Vellanikkara College of Co-operation, Banking & Management Library, Vellanikkara 279.00   658.8 CLO/SE 22/03/2014 22/03/2014 Books (General)
Kerala Agricultural University Central Library
Thrissur-(Dt.), Kerala Pin:- 680656, India
Ph : (+91)(487) 2372219
E-mail: librarian@kau.in
Website: http://library.kau.in/